Deutschland nach Buchstabe - I - Statistiken

Allgemein
  • Dieses Quiz wurde 137 mal gespielt
  • Das Durchschnittsergebnis liegt bei 10 aus 15
Antwortstatistiken
Frage Antwort % Korrekt
In welcher Stadt befindet sich der Hauptsitz von Audi? Ingolstadt
98%
In Passau treffen sich Donau, Ilz und welcher Fluss? Inn
98%
Rügen ist die größte deutsche ... ? Insel
98%
Hummeln, Schmetterlinge und Marienkäfer zählen zu den häufigsten Tieren welcher Klasse in Deutschland? Insekt
93%
Wofür steht das "I" in ICE? Inter
93%
Welcher Fluss fließt durch München? Isar
93%
Deutschland ist weltweit bekannt für die Auto- ... ? Industrie
92%
Alexander Dobrindt ist Bundesminister für welches Ressort? Inneres
84%
Eine der radikalsten Geldentwertungen ab 1914 war die Deutsche ... ? Inflation
71%
Wofür steht das "I" in RKI und AWI? Institut
71%
Wie heißt ein rechter Nebenfluss der Donau, welcher durch das Allgäu fließt? Iller
49%
Welche ZDF-Moderatorin mit eigener Talkshow moderierte neben Sandra Maischberger das Fernsehduell im Bundestagswahlkampf 2025 zwischen Merz und Scholz? Illner
32%
Da das meiste Geld des Bundeshaushalts in Sozialleistungen fließt, gibt es in diesem Bereich viele ... ? Investitionen
25%
Die älteste Form wovon in DEutschland ist die "Wurstkuchl" in Regensburg? Imbiss
13%
Wie nennt man einen Konflikt im 11. und 12. Jahrhundert zwischen Papst und Kaiser? Investiturstreit
12%
Keine übereinstimmenden Quizze gefunden
Verteilung der Resultate
Anzahl Personen mit jedem Resultat
Perzentil nach korrekt beantworteten Fragen
Ihre Resultats-Entwicklung
Sie haben dieses Quiz noch nicht gespielt